| 000 | 00413nam a2200169Ia 4500 | ||
|---|---|---|---|
| 001 | 13775 | ||
| 008 | 140402s9999 xx 000 0 und d | ||
| 020 | _a0-415-07590-4 | ||
| 040 | _cPK-LaUMT | ||
| 082 |
_a 320.956 _bOWE-S |
||
| 100 | _aOwen, Roger | ||
| 245 |
_aState, power and politics in the making of the modern middle _cOwen, Roger |
||
| 260 | _c1992 | ||
| 300 | _a302 p. | ||
| 546 | _aEN | ||
| 942 | _cBK | ||
| 999 |
_c14426 _d14426 |
||